Analytika vody
Salvato in:
| Autore principale: | |
|---|---|
| Natura: | Libro |
| Lingua: | ceco |
| Pubblicazione: |
Praha
Vysoká škola chemicko-technologická
2003
|
| Edizione: | 2. opravené a rozšír. vyd. |
| Soggetti: | |
| Accesso online: | Visualizza in OPAC |
| Tags: |
Nessun Tag, puoi essere il primo ad aggiungerne!!
|
MARC
| LEADER | 00000nam a2200000 a 4500 | ||
|---|---|---|---|
| 005 | 20260127134352.0 | ||
| 008 | 051109 2003 xr 000 0 cze d | ||
| 020 | |a 807080520x | ||
| 035 | |a vtls008408612 | ||
| 039 | 9 | |a 200811260854 |b mschk03 |c 200511091126 |d mschk03 |y 200511091125 |z mschk03 | |
| 040 | |a STUSCHK1 |b slo |c STUSCHK1 |e AACR2 | ||
| 080 | |a 543.3(075.8) | ||
| 100 | 1 | |a Horáková, Marta | |
| 245 | 1 | |a Analytika vody |c Marta Horáková a kol. | |
| 250 | |a 2. opravené a rozšír. vyd. | ||
| 260 | |a Praha |b Vysoká škola chemicko-technologická |c 2003 | ||
| 300 | |a 335 s. | ||
| 650 | 0 | |a analytika vody |x rozbor vody | |
| 910 | |a SCHK95 | ||
| 919 | |a 80-7080-520-X | ||
| 999 | |c 11014 |d 11014 | ||